Statistics for Amino acids

Click here to take the quiz!

General Stats

  • This quiz has been taken 34 times
  • The average score is 22 of 24

Answer Stats

Answer% Correct
Alanine
97%
Cysteine
97%
Proline
97%
Val
97%
Gly
93%
Glycine
93%
Leucine
93%
Methionine
93%
Serine
93%
Threonine
93%
Tyrosine
93%
Arg
90%
E
90%
N
90%
S
90%
T
90%
Trp
90%
W
90%
F
87%
Glutamine
87%
K
87%
Non-polar
87%
Charged (basic)
73%
Gln
73%

Score Distribution

Percentile by Number Answered

Percent of People with Each Score

Your Score History

You have not taken this quiz